000 01082nam a22003137a 4500
003 DO-SdBNP
005 20171113112233.0
008 151120b 1998 sp xxu||||| |||| 00| 0 spa d
020 _a8480190035 (v. III)
040 _aBPMSU
_bspa
_cBPMSU
082 4 _a796.323
_bO48m
100 1 _aOlivera Beltrán, Javier.
245 1 0 _a1250 ejercicios y juegos en baloncesto /
_cJavier Olivera Beltrán.
246 1 0 _aMil doscientos cincuenta ejercicios y juegos en baloncesto.
260 0 _aBarcelona :
_bPaidotribo,
_c[1998].
300 _av. :
_bil. ;
_c22 cm.
490 1 _a Deporte
500 _aLa biblioteca posee el v. 3
504 _aBibliografía : p. 391-392
505 0 _gv. 1
_tBases teóricas y metodológicas
505 0 _gv. 2
_tLos fundamentos del juego y la evaluación del jugador
505 0 _gv. 3
_tLa construcción de las fases del juego y el entrenamiento.
650 4 _aBALONCESTO
830 0 _a Deporte
910 _aValidado. Control de calidad MFF
942 _2ddc
_cBK
945 _aInventariado, 2017/MFF
956 _aLorenza Pérez
_b10
999 _c8856
_d8856